000 02888nam0a2200469 4500
001 RU\NLR\BIBL_A\011545095
005 20260407140949.0
020 _aRU
_b10538
_9Сводный каталог листовок первых лет Советской власти (25 октября (7 ноября) 1917 - 1925) Т.4 (Ч.2). Листовки советских, партийных, профсоюзных, комсомольских и других организаций губерний РСФСР
035 _a(NLR Aleph) 011545095
090 _a12215535
_c12215535
100 _a20171204d1920 |||y0rusy50 ca
101 0 _arus
102 _aRU
105 _ay z 000zy
135 _acrcn 024anaba
200 1 _aОбъявление. "С 28 декабря с. г., согласно распоряжения губернской власти на основании приказа Революционного военного Совета Республики за № 1828/26д-20 года..."
_e[листовка]
210 _aСапожок
_cТип. Уотнаробраза
_d[1920, дек.]
215 _a1 с.
_d29х18
300 _aПодпись: сапожковский уездный военный цензор печати В. Прутский
325 _aКопия доступна в Электрон. б-ке РНБ
327 1 _aОб учреждении военной цензуры в уезде
517 1 _a"С 28 декабря с. г., согласно распоряжения губернской власти на основании приказа Революционного военного Совета Республики за № 1828/26д-20 года..."
540 1 _aОб учреждении военной цензуры в уезде
607 _aРСФСР
_jЛистовки
_xПолитика и управление
_y1917 - 1925
_92312782
_3RU\NLR\auth\6601609564
686 0 _aТ3(2)71-313,011
686 1 _aТ3(2Р-4Ря)712-3,011
702 1 _aПрутский
_bВ.
_cвоен. цензор печати
_4720
710 0 2 _aСапожковский уездный военный цензор печати
_9606818
_3RU\NLR\AUTH\880472593
711 0 1 _aРСФСР
_bРеволюционный военный совет
_3RU\NLR\AUTH\8810008431
_9514601
852 0 0 _aNLR
_bФЛ
_j49/45
856 0 _uhttps://vivaldi.nlr.ru/ll000000360/view
856 1 _uhttps://vivaldi.nlr.ru/ll000000360/cover
856 2 _uhttps://vivaldi.nlr.ru/ll000000360/text
942 _cBOOK
980 _aNB
981 2 1 _a(21) Листовки
_b(21) Листовки 1920 года